Central Library OPAC University of Rajshahi

Studies on the nutrient status and plankton succession in four ponds of Rajshahi pisciculture hatchery / (Record no. 80609)

MARC details
000 -LEADER
fixed length control field 00889nam a22002417a 4500
001 - CONTROL NUMBER
RUCL Control Number 80609
003 - CONTROL NUMBER IDENTIFIER
rucl marc code BD-RjUL
005 - DATE AND TIME OF LATEST TRANSACTION
control field 20230301113212.0
008 - FIXED-LENGTH DATA ELEMENTS--GENERAL INFORMATION
fixed length control field 221024s1998 bg a|||| m||| 00| 0 eng d
035 ## - SYSTEM CONTROL NUMBER
system control number (BD-RjUL)80609
040 ## - CATALOGING SOURCE
Original cataloging agency BD-RjUL
Language of cataloging eng
Transcribing agency BD-RjUL
Modifying agency BD-RjUL
041 ## - LANGUAGE CODE
Language code of Book eng
082 ## - DEWEY DECIMAL CLASSIFICATION NUMBER
DDC Edition number 23
Classification number 639.311
Author mark and Year ISS 1998
100 ## - MAIN ENTRY--PERSONAL NAME
Personal name Islam, Mohd. Azizul
9 (RLIN) 5453
245 10 - TITLE STATEMENT
Title Studies on the nutrient status and plankton succession in four ponds of Rajshahi pisciculture hatchery /
Statement of responsibility, etc By Mohd. Azizul Islam ;
Name of Supervisor/Co-Supervisor Supervisor : M. Zaman
260 ## - PUBLICATION, DISTRIBUTION, ETC. (IMPRINT)
Place of publication, distribution, etc Rajshahi :
Name of publisher, distributor, etc Department of Botany, University of Rajshahi,
Date of publication, distribution, etc 1998
300 ## - PHYSICAL DESCRIPTION
Pagination v, 173 leaves :
Other physical details ill, ;
Dimensions 29.cm.
502 ## - DISSERTATION NOTE
Dissertation note Thesis (M. Phil.) -- Department of Botany, University of Rajshahi, 1998
504 ## - BIBLIOGRAPHY, ETC. NOTE
Bibliography, etc References : Leaves 98 -133
650 ## - SUBJECT ADDED ENTRY--TOPICAL TERM
Topical term or geographic name as entry element Fish Hatcheries
9 (RLIN) 3415
700 ## - ADDED ENTRY--SUPERVISOR/CO-SUPERVISOR NAME
Personal name Zaman, M. Supervisor
9 (RLIN) 5454
942 ## - ADDED ENTRY ELEMENTS (KOHA)
Source of classification or shelving scheme Dewey Decimal Classification
Koha item type Theses
Holdings
Source of classification or shelving scheme Damaged status Not for loan Collection code Permanent Location Current Location Shelving location Date of accession Source of acquisition Total Checkouts Full call number Barcode Date last seen Copy number Thesis
Dewey Decimal Classification   Not For Loan Theses Central Library, University of Rajshahi Central Library, University of Rajshahi Documentation Section 12/12/199 Controller of Exam. R.U.   THE 639.311 ISS 1998 D1952 24/10/2022 C-1 Theses